• 首页
  • 本馆介绍
  • 公告通知
  • 最新文献
  • 馆藏检索
  • 电子资源
  • 读者荐购
  • 参考咨询
  • CALIS
  • 我的图书馆
  • 登录
  • 详细信息显示
  • 放入我的书架
  • 预约/预借图书
  • 作者相关作品
  • 分类相关作品
  • 丛书相关作品
  • 出版社相关作品

书目信息

  • 表格格式
  • 工作单格式
  • 卡片格式
题名:
原一平给推销员的十一个忠告
    
 
作者: 原一平 著 ;李津 编译
分册:  
出版信息: 北京   同心出版社  2004.06
页数: 277页
开本: 21cm
丛书名:
单 册:
中图分类: F713.3
科图分类:
主题词: 推销--方法
电子资源:
ISBN: 7-80593-856-3
 
 
 
 
 
000 01058nam0 2200253 45
001 0140820097
005 20050504111946.53
010    @a7-80593-856-3@d20.00CNY
100    @a20040820d2004 km y0chiy0120 ea
101 1  @achi@cjpn
102    @aCN@b110000
105    @ay z 000yy
200 1  @a原一平给推销员的十一个忠告@Ayuan yi ping gei tui xiao yuan de shi yi ge zhong gao@e成为最棒推销员的十一个成功关键@f(日)原一平著@F(ri)yuan yi ping zhu@g李津编译@Gli jin bian yi
210    @a北京@c同心出版社@d2004.06
215    @a277页@d21cm
330    @a本书总结了原一平成功的推销经验,内容覆盖了从心态、修养到与客户打交道、缔结方法,以及要拥有感恩的心和终身学习等方面的知识。
510 1  @aEleven Pieces of Advice to Salesmen Given by the Greatest Salesman@zeng
517 1  @a成为最棒推销员的十一个成功关键@Acheng wei zui bang tui xiao yuan de shi yi ge cheng gong guan jian
606 0  @a推销@x方法
690    @aF713.3@v4
701  0 @a原一平@Ayuan yi ping@4著
702  0 @a李津@Ali jin@4编译
801  0 @aCN@bQSSK@c20050504
905    @a10447@dF713.3@eY932
    
    原一平给推销员的十一个忠告:成为最棒推销员的十一个成功关键/(日)原一平著/李津编译.-北京:同心出版社,2004.06
    277页;21cm
    
    
    ISBN 7-80593-856-3:20.00CNY
    本书总结了原一平成功的推销经验,内容覆盖了从心态、修养到与客户打交道、缔结方法,以及要拥有感恩的心和终身学习等方面的知识。
●
相关链接 在E读中查询图书 在当当中查询图书 在豆瓣中查询图书


正题名:原一平给推销员的十一个忠告     索取号:F713.3/Y932         预约/预借

序号 登录号 条形码 馆藏地/架位号 状态 备注
1 498248   204982484   社科二线422/409社科库 41排3列4层/ [索取号:F713.3/Y932] 在馆    
2 498249   204982493   社科库409/409社科库 41排3列4层/ [索取号:F713.3/Y932] 在馆    
3 498250   204982509   社科库409/409社科库 41排3列4层/ [索取号:F713.3/Y932] 在馆    
河南城建学院图书馆 欢迎您!
大连网信软件有限公司© 版权所有